000 00884nmm a2200289 a 4500
001 ocm000596236
003 TR-IsHL
005 20201028130324.0
008 130927s2009 tu tur
007 cr cn
020 _a9786055765668
035 _a596236
_b(N$T)
050 0 4 _aPQ4922.O4
_bD9 2009
090 0 4 _aPQ4922.O4
_bD9 2009
100 1 _aVolo, Fabio
245 1 0 _aDünyada bir yer
_h[electronic resource] /
_cFabio Volo ; Sema Savaş
250 _a1. bs.
260 _aİstanbul :
_bPupa Yayınları,
_c2009
300 _a246 p.
650 4 _aDil ve Edebiyat
650 4 _aLanguage and Literature
650 0 _aİtalyan romanı
650 0 _aİtalian fiction
650 7 _aLITERARY COLLECTIONS / European / Italian
_2bisacsh
700 1 _aSavaş, Sema
856 4 0 _uhttp://search.ebscohost.com/login.aspx?direct=true&scope=site&db=e011xww&AN=596236
999 _c3959
_d3959